<?xml version="1.0" encoding="UTF-8"?>
<record
    xmlns:xsi="http://www.w3.org/2001/XMLSchema-instance"
    xsi:schemaLocation="http://www.loc.gov/MARC21/slim http://www.loc.gov/standards/marcxml/schema/MARC21slim.xsd"
    xmlns="http://www.loc.gov/MARC21/slim">

  <leader>00680nam a2200229 a 4500</leader>
  <controlfield tag="001">50678</controlfield>
  <controlfield tag="003">BD-RjUL</controlfield>
  <controlfield tag="005">20211209075539.0</controlfield>
  <controlfield tag="008">160828m19601944enka          001 0 eng  </controlfield>
  <datafield tag="035" ind1=" " ind2=" ">
    <subfield code="a">(BD-RjUL)50798</subfield>
  </datafield>
  <datafield tag="040" ind1=" " ind2=" ">
    <subfield code="a">DLC</subfield>
    <subfield code="c">CarP</subfield>
    <subfield code="d">DLC</subfield>
    <subfield code="d">BD-RjUL</subfield>
    <subfield code="b">eng</subfield>
  </datafield>
  <datafield tag="041" ind1=" " ind2=" ">
    <subfield code="a">eng</subfield>
  </datafield>
  <datafield tag="082" ind1=" " ind2=" ">
    <subfield code="2">23</subfield>
    <subfield code="a">513.3</subfield>
    <subfield code="b">BEE 1972</subfield>
  </datafield>
  <datafield tag="100" ind1="1" ind2=" ">
    <subfield code="a">Bell, Robert J. T.</subfield>
    <subfield code="9">151738</subfield>
  </datafield>
  <datafield tag="245" ind1="1" ind2="3">
    <subfield code="a">An elementary treatise on coordinate geometry of three dimensions /</subfield>
    <subfield code="c">Robert J.T. Bell</subfield>
  </datafield>
  <datafield tag="250" ind1=" " ind2=" ">
    <subfield code="a">3d ed.</subfield>
  </datafield>
  <datafield tag="260" ind1=" " ind2=" ">
    <subfield code="a">London,</subfield>
    <subfield code="b">Macmillan;</subfield>
    <subfield code="c">1944, [Reprint 1972]</subfield>
  </datafield>
  <datafield tag="300" ind1=" " ind2=" ">
    <subfield code="a">xviii, 377 p. :</subfield>
    <subfield code="b">ill ;</subfield>
    <subfield code="c">22 cm.</subfield>
  </datafield>
  <datafield tag="500" ind1=" " ind2=" ">
    <subfield code="a">index</subfield>
  </datafield>
  <datafield tag="650" ind1=" " ind2="0">
    <subfield code="a">Geometry, Analytic</subfield>
    <subfield code="x">Solid.</subfield>
    <subfield code="9">151739</subfield>
  </datafield>
  <datafield tag="942" ind1=" " ind2=" ">
    <subfield code="2">ddc</subfield>
    <subfield code="c">BK</subfield>
    <subfield code="0">7</subfield>
  </datafield>
  <datafield tag="999" ind1=" " ind2=" ">
    <subfield code="c">50678</subfield>
    <subfield code="d">50678</subfield>
  </datafield>
  <datafield tag="952" ind1=" " ind2=" ">
    <subfield code="0">0</subfield>
    <subfield code="1">0</subfield>
    <subfield code="2">ddc</subfield>
    <subfield code="4">0</subfield>
    <subfield code="7">0</subfield>
    <subfield code="8">NFIC</subfield>
    <subfield code="a">RUCL</subfield>
    <subfield code="b">RUCL</subfield>
    <subfield code="c">Stack</subfield>
    <subfield code="d">1963-03-09</subfield>
    <subfield code="e">Zeithinger</subfield>
    <subfield code="g">24.00</subfield>
    <subfield code="l">3</subfield>
    <subfield code="o">513.3 BEE 1960</subfield>
    <subfield code="r">2025-12-03 00:00:00</subfield>
    <subfield code="s">2025-11-11</subfield>
    <subfield code="t">C-2</subfield>
    <subfield code="w">2016-08-28</subfield>
    <subfield code="y">BK</subfield>
  </datafield>
  <datafield tag="952" ind1=" " ind2=" ">
    <subfield code="0">0</subfield>
    <subfield code="1">0</subfield>
    <subfield code="2">ddc</subfield>
    <subfield code="4">0</subfield>
    <subfield code="7">0</subfield>
    <subfield code="8">NFIC</subfield>
    <subfield code="a">RUCL</subfield>
    <subfield code="b">RUCL</subfield>
    <subfield code="c">Stack</subfield>
    <subfield code="d">1963-03-09</subfield>
    <subfield code="e">Zeithinger</subfield>
    <subfield code="g">24.00</subfield>
    <subfield code="l">0</subfield>
    <subfield code="o">513.3 BEE 1960</subfield>
    <subfield code="r">2016-08-28 00:00:00</subfield>
    <subfield code="t">C-3</subfield>
    <subfield code="w">2016-08-28</subfield>
    <subfield code="y">BK</subfield>
  </datafield>
  <datafield tag="952" ind1=" " ind2=" ">
    <subfield code="0">0</subfield>
    <subfield code="1">0</subfield>
    <subfield code="2">ddc</subfield>
    <subfield code="4">0</subfield>
    <subfield code="7">0</subfield>
    <subfield code="8">NFIC</subfield>
    <subfield code="a">RUCL</subfield>
    <subfield code="b">RUCL</subfield>
    <subfield code="c">Stack</subfield>
    <subfield code="d">1963-03-09</subfield>
    <subfield code="e">Zeithinger</subfield>
    <subfield code="g">24.00</subfield>
    <subfield code="l">0</subfield>
    <subfield code="o">513.3 BEE 1960</subfield>
    <subfield code="r">2016-08-28 00:00:00</subfield>
    <subfield code="t">C-4</subfield>
    <subfield code="w">2016-08-28</subfield>
    <subfield code="y">BK</subfield>
  </datafield>
  <datafield tag="952" ind1=" " ind2=" ">
    <subfield code="0">0</subfield>
    <subfield code="1">0</subfield>
    <subfield code="2">ddc</subfield>
    <subfield code="4">0</subfield>
    <subfield code="7">0</subfield>
    <subfield code="8">NFIC</subfield>
    <subfield code="a">RUCL</subfield>
    <subfield code="b">RUCL</subfield>
    <subfield code="c">Stack</subfield>
    <subfield code="d">1974-06-29</subfield>
    <subfield code="e">Alighor library,</subfield>
    <subfield code="g">19.50</subfield>
    <subfield code="l">0</subfield>
    <subfield code="o">513.3 BEE 1972</subfield>
    <subfield code="r">2016-08-29 00:00:00</subfield>
    <subfield code="t">C-5</subfield>
    <subfield code="w">2016-08-29</subfield>
    <subfield code="y">BK</subfield>
  </datafield>
  <datafield tag="952" ind1=" " ind2=" ">
    <subfield code="0">0</subfield>
    <subfield code="1">0</subfield>
    <subfield code="2">ddc</subfield>
    <subfield code="4">0</subfield>
    <subfield code="7">0</subfield>
    <subfield code="8">NFIC</subfield>
    <subfield code="a">RUCL</subfield>
    <subfield code="b">RUCL</subfield>
    <subfield code="c">Stack</subfield>
    <subfield code="d">1974-06-29</subfield>
    <subfield code="e">Alighor library,</subfield>
    <subfield code="g">19.50</subfield>
    <subfield code="l">0</subfield>
    <subfield code="o">513.3 BEE 1972</subfield>
    <subfield code="r">2016-08-29 00:00:00</subfield>
    <subfield code="t">C-6</subfield>
    <subfield code="w">2016-08-29</subfield>
    <subfield code="y">BK</subfield>
  </datafield>
  <datafield tag="952" ind1=" " ind2=" ">
    <subfield code="0">0</subfield>
    <subfield code="1">0</subfield>
    <subfield code="2">ddc</subfield>
    <subfield code="4">0</subfield>
    <subfield code="7">0</subfield>
    <subfield code="8">NFIC</subfield>
    <subfield code="a">RUCL</subfield>
    <subfield code="b">RUCL</subfield>
    <subfield code="c">Stack</subfield>
    <subfield code="d">1986-09-11</subfield>
    <subfield code="e">Asin Foundation</subfield>
    <subfield code="l">14</subfield>
    <subfield code="o">513.3 BEE 1972</subfield>
    <subfield code="r">2017-11-21 00:00:00</subfield>
    <subfield code="s">2017-11-07</subfield>
    <subfield code="t">C-7</subfield>
    <subfield code="w">2016-08-29</subfield>
    <subfield code="y">BK</subfield>
  </datafield>
  <datafield tag="952" ind1=" " ind2=" ">
    <subfield code="0">0</subfield>
    <subfield code="1">0</subfield>
    <subfield code="2">ddc</subfield>
    <subfield code="4">0</subfield>
    <subfield code="7">0</subfield>
    <subfield code="8">NFIC</subfield>
    <subfield code="a">RUCL</subfield>
    <subfield code="b">RUCL</subfield>
    <subfield code="c">Stack</subfield>
    <subfield code="d">1976-06-22</subfield>
    <subfield code="e">Alighor library Rajshi</subfield>
    <subfield code="g">40.00</subfield>
    <subfield code="l">0</subfield>
    <subfield code="o">513.3 BEE 1972</subfield>
    <subfield code="r">2016-08-30 00:00:00</subfield>
    <subfield code="t">C-8</subfield>
    <subfield code="w">2016-08-30</subfield>
    <subfield code="y">BK</subfield>
  </datafield>
  <datafield tag="952" ind1=" " ind2=" ">
    <subfield code="0">0</subfield>
    <subfield code="1">0</subfield>
    <subfield code="2">ddc</subfield>
    <subfield code="4">0</subfield>
    <subfield code="7">1</subfield>
    <subfield code="8">NFIC</subfield>
    <subfield code="a">RUCL</subfield>
    <subfield code="b">RUCL</subfield>
    <subfield code="c">Reading</subfield>
    <subfield code="d">1974-06-29</subfield>
    <subfield code="e">Aligorh library, Rajshahi</subfield>
    <subfield code="g">19.50</subfield>
    <subfield code="l">0</subfield>
    <subfield code="o">513.3 BEE 1972</subfield>
    <subfield code="r">2017-04-23 00:00:00</subfield>
    <subfield code="t">C-1</subfield>
    <subfield code="w">2017-04-23</subfield>
    <subfield code="y">BK</subfield>
  </datafield>
</record>
